000 00467nam a22001697a 4500
005 20251108164753.0
008 250721s1986 xx 000 0 ara d
082 1 4 _a615.9/فاي
100 1 _aشفيق، فايز
245 1 0 _aالسموم /
264 1 _aالقاهرة :
_bالهيئة المصرية العامة للكتاب،
_c1986.
300 _a47ص
490 0 _aتبسيط العلوم
650 1 7 _aالسموم
942 _2ddc
_cBK
999 _c13949
_d13949